| 000 | 01501nam0a22002771 4500 | ||
|---|---|---|---|
| 001 | rc\4088898 | ||
| 005 | 20260407022621.0 | ||
| 021 |
_aRU _b[50-20580] |
||
| 035 | _a(NLR Aleph) 008130859 | ||
| 090 |
_a9422922 _c9422922 |
||
| 100 | _a20130415d1950 |||y0rusy50 ca | ||
| 101 | 0 | _arus | |
| 102 | _aRU | ||
| 105 | _ay z ||||| | ||
| 200 | 1 |
_aПравила по технике безопасности в промышленности асбоцементных изделий _f[Разраб. Всесоюз. науч.-исслед. ин-том асбестообрабатывающей пром-сти] _gМ-во пром-сти строит. материалов СССР. Глав. упр. по производству шифера и асбоцементных изделий |
|
| 210 |
_aМосква _cизд-во и тип. Промстройиздата в Подольске _d1950 |
||
| 215 |
_a164 с. _d23 |
||
| 606 |
_aАсбестоцементное производство _xТехника безопасности _2psbo |
||
| 712 | 0 | 1 |
_4570 _aСССР _bГлавное управление по производсту шифера, асбестоцементных изделий и мягкой кровли _9420007 _3RU\NLR\AUTH\889961837 |
| 712 | 0 | 2 |
_4570 _aРезинообъединение _cМосква _9513435 _3RU\NLR\AUTH\8810007866 |
| 801 | 0 |
_aRU _bNLR _gpsbo |
|
| 801 | 1 |
_aRU _bELAR _2rusmarc |
|
| 852 |
_aNLR _jТ44 Г-5/281 |
||
| 942 | _cBOOK | ||
| 980 | _aNB | ||